000
00325nam a22001337a 4500
008
170526b xxu||||| |||| 00| 0 eng d
020
_a
9780130986696
041
_a
eng
080
_2
5TH
_a
621
100
_a
27
101
_a
IM
245
_a
EXPERIMENTS IN BASIC CIRCUITS THEORY AND APPLICATION
_c
BUCHLA, D
942
_2
udc
_c
BK
999
_c
14563
_d
14563